Piquito aprende a cuidarse /

Guardado en:
Autor Principal: Diner, Mónica
Formato: Deslizar
Materias:
Etiquetas: Agregar Etiqueta
Sin Etiquetas, Sea el primero en etiquetar este registro!
LEADER 00923ngm a22002895g 4500
001 CEM.cems022341
008 130507b1998##################0###0#####d
005 20241029150805.0
245 1 0 |a Piquito aprende a cuidarse /  |c Mónica Diner. 
300 |a 10'. 
500 |a En soporte VHS, consultar en ventanilla. 
505 0 |a Parte I: la ayuda de los mayores. -- Parte II: como cuidarse de la gente desconocida. 
538 |a Soporte: VHS - Norma: Pal N - Color: Si - Grabación DRD 1998 - Hitachi=5188 
100 1 |a Diner, Mónica 
082 3 7 |. 21/VIV 
653 |a PSICOLOGIA EVOLUTIVA 
653 |a CRECIMIENTO 
653 |a NIVEL INICIAL 
653 |a JARDIN 
653 |a NIEZ 
653 |a EDUCACION 
653 |a AYUDA 
653 |a PREVENCION 
653 |a DESCONOCIDOS 
653 |a NIVEL PRIMARIO 
653 |a NIVEL SECUNDARIO 
859 |a CEMS  |b BIB. CEMS - Depto. Recursos Didacticos  |h 372.21  |i VIV  |k DRD  |p 984.12  |t Ej.1